Missing Word: Top Grossing Movies (2015) Quiz Stats

 Plays Quiz Updated May 30, 2016

Challenge
Share
Tweet
Embed
Score 0/20 Timer 02:00
1 Play Today
Movie Missing Word % Correct
Fifty ______ of GreyShades
95%
The ______ Games: Mockingjay - Part 2Hunger
94.1%
Star Wars: The Force _______Awakens
92.5%
Ant-___Man
87.6%
_____ Perfect 2Pitch
84.5%
Avengers: ___ of UltronAge
84.2%
The Peanuts _____Movie
79.8%
The SpongeBob Movie: Sponge Out of _____Water
74.8%
Mad Max: ____ RoadFury
74.7%
Hotel ____________ 2Transylvania
69%
Movie Missing Word % Correct
________ WorldJurassic
67.5%
______ OutInside
64.3%
San _______Andreas
63.3%
Mission: Impossible - _____ NationRogue
56.9%
Kingsman: The Secret _______Service
56.3%
__________: GenisysTerminator
48.8%
Maze Runner: The ______ TrialsScorch
39.6%
Alvin and the Chipmunks: The Road ____Chip
29.3%
_____'_ HomeDaddy's
29.3%
The Good ________Dinosaur
21.2%

Today's Daily Dose

You're not logged in!

Compare scores with friends on all Sporcle quizzes.
Join for Free
OR
Log In

You Might Also Like...

Show Comments

Extras

Top Quizzes Today


Score Distribution

Your Account Isn't Verified!

In order to create a playlist on Sporcle, you need to verify the email address you used during registration. Go to your Sporcle Settings to finish the process.

Report this User

Report this user for behavior that violates our Community Guidelines.

Details: